000 01090nam0a2200313 4500
001 RU\NLR\BIBL_A\012173225
005 20200116163320.0
010 _a978-5-907180-08-6
_94000
021 _aRU
_bКН-П-19-090589
_9КН-П-19-6611
035 _a(NLR Aleph) 012173225
035 _a(RuMoRGB)010178588
090 _a12250905
_c12250905
100 _a20191226d2019 d y0rusy50 ca
101 0 _arus
102 _aRU
105 _ay|||z|||000ay
200 1 _aЯ и мое чудовище
_e[для детей среднего школьного возраста]
_fДарья Доцук
210 _aМосква
_cВолчок
_d2019
215 _a171, [4] с.
_d20
225 1 _aНе прислоняться
_eсерия повестей для подростков
333 _a12+
686 0 _aШ9(2)62=Р7-4
700 1 _aДоцук
_bД. С.
_f1990-
_gДарья Сергеевна
942 _cBOOK
980 _aNBR
980 _aNB